[Event "Bhopal GM Open 2019"]
[Site "Bhopal"]
[Date "2019.12.22"]
[Round "3.8"]
[White "Sharan, Rao"]
[Black "Lugovskoy, Maxim"]
[Result "0-1"]
[WhiteElo "1912"]
[BlackElo "2466"]
[Annotator "TA"]
[PlyCount "88"]
[EventDate "2019.12.21"]
[EventType "swiss"]
[EventCountry "IND"]
[SourceTitle "playchess.com"]
[Source "ChessBase"]
[SourceQuality "1"]

{[%evp 15,88,1,-7,0,46,32,39,39,35,41,72,9,41,4,14,6,2,0,0,0,-9,-13,-10,-25,-31,-25,-15,-20,-16,-18,-9,-13,-10,-10,-3,-27,-24,-33,-26,-39,-34,-642,-645,-631,-631,-610,-598,-618,-612,-730,-611,-29984,-612,-613,-608,-605,-592,-565,-563,-557,0,0,0,-518,0,0,0,-834,-834,-1575,-1572,-1103,-1021,-1000,-977]} 1. Nf3 d5 2. b3 Nf6 3. Bb2 g6 4. e3 Bg7 5. Be2 O-O 6. O-O c5 7. d4 Ne4 8. c4 Nc6 9. Nbd2 {D04: Colle System} Bg4 (9... Nxd2 10. Qxd2 dxc4 11. bxc4 cxd4 12. exd4 Bg4 13. Rfd1 Rc8 14. Rac1 Qc7 15. h3 Bxf3 16. Bxf3 {½-½ (31) Pakleza,Z (2497)-Duda,J (2724) Zgierz 2018}) 10. cxd5 Nxd2 $1 11. Qxd2 {White is slightly better.} Qxd5 12. h3 Bf5 13. Rfd1 $146 (13. Bc4 $16 Qe4 14. d5 (14. dxc5 Bxb2 15. Qxb2 Bxh3 $14) 14... Bxb2 15. Qxb2) ({Predecessor:} 13. Bc4 Qd6 14. Ba3 b6 15. Rad1 Qf6 16. dxc5 Bxh3 17. gxh3 Qxf3 {½-½ (40) Petakov,U (2352)-Vucinic,G (2293) Stari Banovci 2014}) 13... Rad8 14. Rac1 cxd4 $1 15. Nxd4 Nxd4 16. exd4 Be4 17. f3 Bf5 18. Bc4 Qd6 19. d5 Bxb2 20. Qxb2 Rc8 21. Qf2 Rc5 22. b4 Rc7 23. Bb3 Rfc8 24. Rxc7 Rxc7 25. Qxa7 b6 $36 {[%mdl 2048] Black is more active.} 26. Qa8+ Rc8 27. Qa6 Bxh3 28. gxh3 $2 {[%mdl 8192]} (28. Qd3 $15) 28... Qg3+ $19 {[%mdl 64] Double Attack} 29. Kf1 Qxf3+ 30. Ke1 Rc3 $1 {( -> ...Qg3+)} 31. Rd2 Qg3+ 32. Kf1 Re3 {[%csl Gg3][%cal Re3e1]} 33. Qc8+ Kg7 {[%csl Gg3][%cal Re3e1]} 34. Rf2 f5 35. Qc2 Qxh3+ 36. Rg2 f4 $1 {[%cal Rf4f3] ...f3 is the strong threat.} (36... Qh1+ 37. Rg1 $17) 37. Qb2+ {[#]} Kh6 $2 (37... Kf8 $1 $19 {Hoping for ...f3.} 38. d6 (38. Qh8+ $2 Kf7 $19) 38... Qh1+ 39. Rg1 Rf3+ 40. Ke2 Qh2+ 41. Kxf3 Qxb2) 38. Qd2 $1 $11 Kg7 {Threatens to win with ...f3.} 39. Qb2+ $2 {[%mdl 8192] [#]} ({Not} 39. Qd4+ $2 Kg8 $19) (39. Kg1 $11 Qh4 40. Kf1) 39... Kf7 $2 (39... Kf8 $1 $19 {Strongly threatening ...f3.} 40. d6 (40. Qh8+ $2 Kf7 $19) 40... Qh1+ 41. Rg1 Rf3+ 42. Ke2 Qh2+ 43. Kxf3 Qxb2) 40. d6+ $1 e6 $1 {aiming for ...f3.} 41. Bd1 $2 {[%mdl 8192]} (41. d7 $11 Qh1+ 42. Rg1 Rf3+ 43. Ke2 Re3+ 44. Kf1 Rf3+ 45. Ke2 Re3+ 46. Kf1) 41... f3 $19 {Black is clearly winning.} 42. Bxf3 Qh1+ 43. Rg1 Rxf3+ 44. Ke2 Qh2+ {[%mdl 64] Double Attack. Accuracy: White = 54%, Black = 85%.} 0-1

[Event "Bhopal GM Open 2019"]
[Site "Bhopal"]
[Date "2019.12.22"]
[Round "3.9"]
[White "Mirzoev, Azer"]
[Black "Darsh Kansal"]
[Result "1-0"]
[WhiteElo "2457"]
[BlackElo "1793"]
[Annotator "ChessBase"]
[PlyCount "67"]
[EventDate "2019.12.21"]
[EventType "swiss"]
[EventCountry "IND"]
[SourceTitle "playchess.com"]
[Source "ChessBase"]
[SourceQuality "1"]
[TimeControl "5400+30"]

1. d4 {[%emt 0:02:33]} Nf6 {[%emt 0:00:00]} 2. Nf3 {[%emt 0:00:07]} g6 {[%emt 0:00:00]} 3. Nbd2 {[%emt 0:00:06]} Bg7 {[%emt 0:00:13]} 4. e4 {[%emt 0:00:17]} d6 {[%emt 0:00:11]} 5. c3 {[%emt 0:00:05]} O-O {[%emt 0:00:04]} 6. Bd3 {[%emt 0:00:06]} Nbd7 {[%emt 0:00:08]} 7. O-O {[%emt 0:00:08]} e5 {[%emt 0:00:10]} 8. Re1 {[%emt 0:00:21]} Re8 {[%emt 0:00:14]} 9. h3 {[%emt 0:00:12]} Nh5 {[%emt 0:11:11]} 10. Bf1 {[%emt 0:01:36]} Nf8 {[%emt 0:01:25]} 11. dxe5 {[%emt 0:03:28]} dxe5 {[%emt 0:00:37]} 12. Nc4 {[%emt 0:00:08]} Qe7 {[%emt 0:00:18]} 13. Bg5 {[%emt 0:00:39]} f6 {[%emt 0:00:54]} 14. Be3 {[%emt 0:00:03]} Ne6 {[%emt 0:02:18]} 15. Qb3 {[%emt 0:01:20]} Kh8 {[%emt 0:02:15]} 16. Rad1 {[%emt 0:00:40]} b6 {[%emt 0:01:57]} 17. Qb4 {[%emt 0:10:56]} Qxb4 {[%emt 0:04:31]} 18. cxb4 {[%emt 0:00:07]} Bb7 {[%emt 0:00:06]} 19. Ncd2 {[%emt 0:01:49]} f5 {[%emt 0:01:04]} 20. Nc4 {[%emt 0:05:32]} Bxe4 {[%emt 0:06:11]} 21. Ncxe5 {[%emt 0:00:10]} Bxf3 {[%emt 0:18:51]} 22. Nxf3 {[%emt 0:00:41]} Bxb2 {[%emt 0:00:11]} 23. Bc4 {[%emt 0:00:12]} Nhg7 {[%emt 0:02:38]} 24. Bh6 {[%emt 0:06:28]} Bf6 {[%emt 0:08:09]} 25. Rd7 {[%emt 0:03:14]} Rad8 {[%emt 0:11:58]} 26. Bxe6 {[%emt 0:15:07]} Nxe6 {[%emt 0:00:45]} 27. Rxd8 {[%emt 0:00:09]} Bxd8 {[%emt 0:00:16]} 28. Nd4 {[%emt 0:00:22]} c5 {[%emt 0:02:31]} 29. Rxe6 {[%emt 0:00:12]} Rxe6 {[%emt 0:00:16]} 30. Nxe6 {[%emt 0:00:08]} Be7 {[%emt 0:00:05]} 31. bxc5 {[%emt 0:00:09]} bxc5 {[%emt 0:00:07]} 32. Be3 {[%emt 0:00:22]} c4 {[%emt 0:00:10]} 33. Bxa7 {[%emt 0:00:08]} c3 {[%emt 0:00:10]} 34. Bd4+ {[%emt 0:00:15]} 1-0

[Event "Bhopal GM Open 2019"]
[Site "Bhopal"]
[Date "2019.12.22"]
[Round "3.10"]
[White "Kaushik G Iyer"]
[Black "Nguyen, Van Huy"]
[Result "0-1"]
[WhiteElo "1824"]
[BlackElo "2457"]
[Annotator "ChessBase"]
[PlyCount "142"]
[EventDate "2019.12.21"]
[EventType "swiss"]
[EventCountry "IND"]
[SourceTitle "playchess.com"]
[Source "ChessBase"]
[SourceQuality "1"]
[TimeControl "5400+30"]

1. d4 {[%emt 0:00:00]} Nf6 {[%emt 0:00:00]} 2. c4 {[%emt 0:00:00]} e6 {[%emt 0:00:27]} 3. Nf3 {[%emt 0:00:00]} d5 {[%emt 0:00:27]} 4. g3 {[%emt 0:00:00]} Bb4+ {[%emt 0:00:37]} 5. Bd2 {[%emt 0:00:00]} Be7 {[%emt 0:00:06]} 6. Bg2 {[%emt 0:00:02]} O-O {[%emt 0:00:28]} 7. O-O {[%emt 0:00:06]} c6 {[%emt 0:00:03]} 8. Qc2 {[%emt 0:00:23]} b6 {[%emt 0:00:32]} 9. b3 {[%emt 0:01:04]} Ba6 {[%emt 0:00:40]} 10. Bf4 {[%emt 0:00:14]} Nbd7 {[%emt 0:01:51]} 11. Rd1 {[%emt 0:00:24]} Rc8 {[%emt 0:01:54]} 12. Nc3 {[%emt 0:00:41]} dxc4 {[%emt 0:01:31]} 13. bxc4 {[%emt 0:00:06]} Bxc4 {[%emt 0:03:57]} 14. Nd2 {[%emt 0:00:45]} b5 {[%emt 0:03:16]} 15. Nxc4 {[%emt 0:00:08]} bxc4 {[%emt 0:00:04]} 16. e4 {[%emt 0:02:15]} Qa5 {[%emt 0:08:08]} 17. Na4 {[%emt 0:07:31]} Nb6 {[%emt 0:08:16]} 18. Nc5 {[%emt 0:01:42]} Bxc5 {[%emt 0:07:32]} 19. dxc5 {[%emt 0:00:19]} Na4 {[%emt 0:00:32]} 20. Rd4 {[%emt 0:07:56]} Nxc5 {[%emt 0:07:59]} 21. Rxc4 {[%emt 0:00:11]} Ncd7 {[%emt 0:00:57]} 22. Bd6 {[%emt 0:08:08]} Rfd8 {[%emt 0:10:26]} 23. Rxc6 {[%emt 0:00:42]} Rxc6 {[%emt 0:01:54]} 24. Qxc6 {[%emt 0:00:10]} Nb6 {[%emt 0:01:04]} 25. e5 {[%emt 0:24:24]} Nfd5 {[%emt 0:02:43]} 26. Bxd5 {[%emt 0:02:25]} Nxd5 {[%emt 0:01:23]} 27. Rd1 {[%emt 0:12:46]} Qxa2 {[%emt 0:08:57]} 28. Rc1 {[%emt 0:16:07]} h5 {[%emt 0:02:06]} 29. Qb7 {[%emt 0:01:16]} a5 {[%emt 0:02:37]} 30. Rc5 {[%emt 0:04:01]} Qe2 {[%emt 0:06:31]} 31. Qa7 {[%emt 0:06:17]} Qe1+ {[%emt 0:05:36]} 32. Kg2 {[%emt 0:00:06]} Qe4+ {[%emt 0:00:09]} 33. Kg1 {[%emt 0:00:04]} a4 {[%emt 0:00:48]} 34. Qa5 {[%emt 0:02:17]} Re8 {[%emt 0:00:45]} 35. Qa6 {[%emt 0:01:56]} h4 {[%emt 0:05:12]} 36. Rc4 {[%emt 0:00:33]} Qe1+ {[%emt 0:02:45]} 37. Kg2 {[%emt 0:00:03]} h3+ {[%emt 0:00:18]} 38. Kxh3 {[%emt 0:00:03]} Qf1+ {[%emt 0:00:22]} 39. Kh4 {[%emt 0:00:07]} Qxf2 {[%emt 0:00:36]} 40. Qxa4 {[%emt 0:02:08]} Qxh2+ {[%emt 0:00:08]} 41. Kg4 {[%emt 0:00:07]} Rd8 {[%emt 0:00:30]} 42. Qa5 {[%emt 0:01:24]} Qe2+ {[%emt 0:00:48]} 43. Kh3 {[%emt 0:00:15]} Qf1+ {[%emt 0:00:20]} 44. Kh2 {[%emt 0:00:05]} Qxc4 {[%emt 0:00:33]} 45. Qxd8+ {[%emt 0:00:04]} Kh7 {[%emt 0:00:03]} 46. Qg5 {[%emt 0:01:21]} Qe2+ {[%emt 0:00:18]} 47. Kh3 {[%emt 0:00:44]} Qf1+ {[%emt 0:01:14]} 48. Kh2 {[%emt 0:00:13]} Qf2+ {[%emt 0:00:22]} 49. Kh3 {[%emt 0:00:45]} Ne3 {[%emt 0:00:36]} 50. Qh4+ {[%emt 0:00:39]} Kg6 {[%emt 0:00:11]} 51. Qe4+ {[%emt 0:00:15]} Qf5+ {[%emt 0:00:07]} 52. Qxf5+ {[%emt 0:00:04]} Kxf5 {[%emt 0:00:05]} 53. Bf8 {[%emt 0:00:07]} g6 {[%emt 0:00:18]} 54. Bd6 {[%emt 0:00:42]} Ng4 {[%emt 0:00:05]} 55. Ba3 {[%emt 0:00:08]} Nxe5 {[%emt 0:00:05]} 56. Bb2 {[%emt 0:00:04]} g5 {[%emt 0:00:35]} 57. Bc3 {[%emt 0:00:23]} g4+ {[%emt 0:00:05]} 58. Kg2 {[%emt 0:00:17]} Ke4 {[%emt 0:00:19]} 59. Kf2 {[%emt 0:00:03]} f5 {[%emt 0:00:11]} 60. Ke2 {[%emt 0:00:12]} Nf3 {[%emt 0:00:04]} 61. Kf2 {[%emt 0:00:06]} Kd3 {[%emt 0:00:05]} 62. Bb2 {[%emt 0:00:21]} e5 {[%emt 0:00:08]} 63. Bc1 {[%emt 0:00:07]} Nd2 {[%emt 0:00:12]} 64. Bb2 {[%emt 0:00:24]} e4 {[%emt 0:00:08]} 65. Ba3 {[%emt 0:00:14]} e3+ {[%emt 0:00:05]} 66. Kg2 {[%emt 0:00:03]} Nf3 {[%emt 0:00:23]} 67. Bb4 {[%emt 0:00:03]} e2 {[%emt 0:00:11]} 68. Kh1 {[%emt 0:00:22]} Nd2 {[%emt 0:00:10]} 69. Kg2 {[%emt 0:00:02]} e1=Q {[%emt 0:00:10]} 70. Kh2 {[%emt 0:00:05]} Nf3+ {[%emt 0:00:09]} 71. Kg2 {[%emt 0:00:02]} Qg1# {[%emt 0:00:06]} 0-1

[Event "Bhopal GM Open 2019"]
[Site "Bhopal"]
[Date "2019.12.22"]
[Round "3.11"]
[White "Arnav Kushwaha"]
[Black "Abdisalimov, Abdimalik"]
[Result "0-1"]
[WhiteElo "1820"]
[BlackElo "2394"]
[Annotator "NA"]
[PlyCount "84"]
[EventDate "2019.12.21"]
[EventType "swiss"]
[EventCountry "IND"]
[SourceTitle "playchess.com"]
[Source "ChessBase"]
[SourceQuality "1"]
[TimeControl "5400+30"]

1. e4 {[%emt 0:00:00]} c5 {[%emt 0:00:00]} 2. c3 {[%emt 0:00:00]} Nf6 {[%emt 0:00:00]} 3. e5 {[%emt 0:00:00]} Nd5 {[%emt 0:00:00]} 4. Nf3 {[%emt 0:00:05]} Nc6 {[%emt 0:00:00]} 5. d4 {[%emt 0:00:08]} cxd4 {[%emt 0:00:00]} 6. cxd4 {[%emt 0:00:07]} d6 {[%emt 0:00:00]} 7. Bc4 {[%emt 0:00:09]} Nb6 {[%emt 0:00:00]} 8. Bb5 {[%emt 0:00:06]} d5 {[%emt 0:00:01]} 9. Nc3 {[%emt 0:00:32]} Bf5 {[%emt 0:06:49]} 10. Bg5 {[%emt 0:03:21]} Rc8 {[%emt 0:00:55]} 11. a3 {[%emt 0:06:26]} a6 {[%emt 0:00:41]} 12. Bd3 {[%emt 0:00:43]} Bg4 {[%emt 0:00:13]} 13. Be2 {[%emt 0:01:30]} Qd7 {[%emt 0:00:40]} 14. Rc1 {[%emt 0:02:06]} e6 {[%emt 0:01:10]} 15. O-O {[%emt 0:02:31]} h6 {[%emt 0:01:07]} 16. Be3 {[%emt 0:00:17]} Be7 {[%emt 0:02:16]} 17. Re1 {[%emt 0:10:18]} O-O {[%emt 0:01:46]} 18. h3 {[%emt 0:01:38]} Bh5 {[%emt 0:00:42]} 19. Nh2 {[%emt 0:00:24]} Bg6 {[%emt 0:00:20]} 20. Bd3 {[%emt 0:00:50]} Nc4 {[%emt 0:00:29]} 21. Bxg6 {[%emt 0:10:14]} fxg6 {[%emt 0:00:05]} 22. Qe2 {[%emt 0:00:44]} g5 {[%emt 0:01:08]} 23. Nf1 {[%emt 0:05:33]} Qe8 {[%emt 0:02:27]} 24. Ng3 {[%emt 0:00:32]} Qg6 {[%emt 0:00:37]} 25. Qc2 {[%emt 0:10:03]} Kh7 {[%emt 0:00:21]} 26. Qxg6+ {[%emt 0:02:06]} Kxg6 {[%emt 0:00:04]} 27. Rc2 {[%emt 0:00:13]} b5 {[%emt 0:00:24]} 28. Na2 {[%emt 0:00:58]} a5 {[%emt 0:02:28]} 29. Rec1 {[%emt 0:01:36]} a4 {[%emt 0:00:05]} 30. Ne2 {[%emt 0:01:15]} Ra8 {[%emt 0:12:18]} 31. Bd2 {[%emt 0:10:20]} b4 {[%emt 0:00:49]} 32. Bxb4 {[%emt 0:01:32]} Bxb4 {[%emt 0:00:16]} 33. Nxb4 {[%emt 0:00:07]} Nxb4 {[%emt 0:00:04]} 34. axb4 {[%emt 0:00:05]} Rfb8 {[%emt 0:00:08]} 35. Nc3 {[%emt 0:04:29]} Rxb4 {[%emt 0:00:18]} 36. Nd1 {[%emt 0:00:16]} Na5 {[%emt 0:02:12]} 37. Rc7 {[%emt 0:01:54]} Nb3 {[%emt 0:00:55]} 38. R1c6 {[%emt 0:01:08]} Nxd4 {[%emt 0:00:06]} 39. Rd6 {[%emt 0:00:07]} Kf5 {[%emt 0:00:27]} 40. Rxg7 {[%emt 0:00:21]} Kxe5 {[%emt 0:00:09]} 41. Rdd7 {[%emt 0:00:06]} a3 {[%emt 0:00:14]} 42. bxa3 {[%emt 0:00:11]} Rb1 {[%emt 0:00:17]} 0-1

[Event "Bhopal GM Open 2019"]
[Site "Bhopal"]
[Date "2019.12.22"]
[Round "3.12"]
[White "Bajaj Prakhar"]
[Black "Manik, Mikulas"]
[Result "1/2-1/2"]
[WhiteElo "1779"]
[BlackElo "2379"]
[Annotator "NA"]
[PlyCount "87"]
[EventDate "2019.12.21"]
[EventType "swiss"]
[EventCountry "IND"]
[SourceTitle "playchess.com"]
[Source "ChessBase"]
[SourceQuality "1"]
[TimeControl "5400+30"]

1. e4 {[%emt 0:00:00]} c5 {[%emt 0:02:50]} 2. Nf3 {[%emt 0:00:08]} d6 {[%emt 0:00:03]} 3. d4 {[%emt 0:00:04]} cxd4 {[%emt 0:00:04]} 4. Nxd4 {[%emt 0:00:04]} Nf6 {[%emt 0:00:03]} 5. Nc3 {[%emt 0:00:02]} a6 {[%emt 0:00:04]} 6. Bg5 {[%emt 0:00:03]} Nbd7 {[%emt 0:00:55]} 7. f4 {[%emt 0:00:55]} Qc7 {[%emt 0:01:04]} 8. Qf3 {[%emt 0:01:11]} h6 {[%emt 0:00:07]} 9. Bh4 {[%emt 0:00:45]} g5 {[%emt 0:00:05]} 10. fxg5 {[%emt 0:04:08]} hxg5 {[%emt 0:03:08]} 11. Bxg5 {[%emt 0:01:14]} Qc5 {[%emt 0:00:48]} 12. Nf5 {[%emt 0:10:38]} e6 {[%emt 0:04:24]} 13. Bxf6 {[%emt 0:00:34]} Nxf6 {[%emt 0:00:09]} 14. Ng3 {[%emt 0:04:20]} Nd7 {[%emt 0:06:09]} 15. O-O-O {[%emt 0:06:12]} Ne5 {[%emt 0:00:26]} 16. Qf6 {[%emt 0:03:56]} Qe3+ {[%emt 0:00:12]} 17. Rd2 {[%emt 0:00:30]} Rh6 {[%emt 0:06:05]} 18. Qf2 {[%emt 0:00:41]} Qxf2 {[%emt 0:00:12]} 19. Rxf2 {[%emt 0:01:31]} Ng4 {[%emt 0:00:02]} 20. Rd2 {[%emt 0:02:25]} Rxh2 {[%emt 0:00:46]} 21. Be2 {[%emt 0:04:15]} Rxh1+ {[%emt 0:03:47]} 22. Nxh1 {[%emt 0:00:14]} Ne5 {[%emt 0:03:10]} 23. Rd1 {[%emt 0:00:12]} b5 {[%emt 0:00:55]} 24. Nf2 {[%emt 0:01:56]} Bh6+ {[%emt 0:03:37]} 25. Kb1 {[%emt 0:00:03]} Ke7 {[%emt 0:00:16]} 26. Ng4 {[%emt 0:00:54]} Nxg4 {[%emt 0:01:40]} 27. Bxg4 {[%emt 0:00:06]} Bg7 {[%emt 0:00:32]} 28. Bf3 {[%emt 0:01:26]} Bb7 {[%emt 0:01:25]} 29. Ne2 {[%emt 0:03:04]} Rh8 {[%emt 0:00:46]} 30. Ng3 {[%emt 0:03:51]} Be5 {[%emt 0:01:18]} 31. Rh1 {[%emt 0:02:11]} Rxh1+ {[%emt 0:03:20]} 32. Nxh1 {[%emt 0:00:09]} Kf6 {[%emt 0:00:07]} 33. c3 {[%emt 0:01:10]} Kg5 {[%emt 0:00:14]} 34. Kc2 {[%emt 0:01:18]} Kf4 {[%emt 0:00:18]} 35. Kd3 {[%emt 0:00:14]} a5 {[%emt 0:05:01]} 36. a3 {[%emt 0:02:59]} d5 {[%emt 0:02:08]} 37. Nf2 {[%emt 0:04:08]} Kg3 {[%emt 0:00:14]} 38. Nh1+ {[%emt 0:02:50]} Kf4 {[%emt 0:03:43]} 39. Nf2 {[%emt 0:00:42]} Kg3 {[%emt 0:02:41]} 40. Nh1+ {[%emt 0:00:31]} Kh2 {[%emt 0:00:10]} 41. Nf2 Kg1 42. Nh3+ Kf1 43. Ng5 dxe4+ {[%emt 0:04:12]} 44. Bxe4 {[%emt 0:01:33]} 1/2-1/2

[Event "Bhopal GM Open 2019"]
[Site "Bhopal"]
[Date "2019.12.22"]
[Round "3.13"]
[White "Sahoo, Utkal Ranjan"]
[Black "Nehete Arnav"]
[Result "1-0"]
[WhiteElo "2329"]
[BlackElo "1778"]
[Annotator "NA"]
[PlyCount "47"]
[EventDate "2019.12.21"]
[EventType "swiss"]
[EventCountry "IND"]
[SourceTitle "playchess.com"]
[Source "ChessBase"]
[SourceQuality "1"]
[TimeControl "5400+30"]

1. d4 {[%emt 0:00:00]} Nf6 {[%emt 0:00:00]} 2. c4 {[%emt 0:00:00]} e6 {[%emt 0:00:37]} 3. Nc3 {[%emt 0:00:05]} Bb4 {[%emt 0:00:01]} 4. e3 {[%emt 0:00:11]} O-O {[%emt 0:00:03]} 5. Bd3 {[%emt 0:00:15]} d5 {[%emt 0:00:29]} 6. Nf3 {[%emt 0:01:09]} c5 {[%emt 0:00:07]} 7. a3 {[%emt 0:02:14]} Bxc3+ {[%emt 0:00:10]} 8. bxc3 {[%emt 0:00:02]} dxc4 {[%emt 0:00:30]} 9. Bxc4 {[%emt 0:00:07]} Qc7 {[%emt 0:02:10]} 10. Ba2 {[%emt 0:00:49]} Nbd7 {[%emt 0:00:24]} 11. O-O {[%emt 0:01:41]} b6 {[%emt 0:00:09]} 12. Qe2 {[%emt 0:02:56]} Bb7 {[%emt 0:02:55]} 13. Bb2 {[%emt 0:00:40]} e5 {[%emt 0:04:28]} 14. Rfd1 {[%emt 0:02:47]} exd4 {[%emt 0:05:06]} 15. cxd4 {[%emt 0:00:20]} cxd4 {[%emt 0:01:55]} 16. Rac1 {[%emt 0:01:48]} Qb8 {[%emt 0:13:12]} 17. Nxd4 {[%emt 0:01:04]} Nc5 {[%emt 0:17:57]} 18. Nf5 {[%emt 0:04:19]} Ba6 {[%emt 0:00:48]} 19. Qf3 {[%emt 0:01:13]} Nce4 {[%emt 0:11:20]} 20. Nxg7 {[%emt 0:01:58]} Kxg7 {[%emt 0:18:38]} 21. Qxe4 {[%emt 0:01:22]} Bc8 {[%emt 0:01:57]} 22. Qe7 {[%emt 0:00:38]} Kg6 23. Qxf6+ {[%emt 0:00:00]} Kh5 {[%emt 0:05:21]} 24. Rd5+ 1-0